| 000 | 00745nam a2200229Ia 4500 | ||
|---|---|---|---|
| 001 | 9172 | ||
| 003 | GE_BSU | ||
| 008 | 181216s||||||||xx |||||||||||||| ||und|| | ||
| 040 | _cGE_BSU | ||
| 245 | _aInternational Review of the red Cross. Volume 93. Number 882 june 2011 | ||
| 245 | _bHumanitarian debate:Law,policy,action. Understanding armed groups and the applicable law | ||
| 245 | _cEditor-in-Chief Vincent Bernard | ||
| 260 | _aCambridge | ||
| 260 | _bCambridge university press | ||
| 260 | _c2011 | ||
| 300 | _a259-576p.23cm. | ||
| 520 | _aნაჩუქარი | ||
| 653 | _aHumanitarian debate:Law,policy,action | ||
| 653 | _aInternational Review of the red Cross | ||
| 653 | _aპერიოდიკა | ||
| 942 | _cCR | ||
| 999 |
_c42476 _d42476 |
||